Solo Levling - Ombres par images - Statistiques

Statistiques générales
  • Ce quiz a été pris 501 fois
  • Le résultat moyen est 4 sur 8
Statistiques - réponses
Par images Réponse % Correct
IGRIS
93%
BERU
90%
TANK
67%
IRON
66%
KAISEL
48%
KAMISH
34%
TUSK
31%
JIMA
11%
Aucun quiz correspondant
Distribution des résultats
% des personnes avec chaque résultat
Percentile par nombre de réponses
Votre historique - résultats
Vous n’avez pas pris ce quiz